Nghi lễ tang ma và bài ca chỉ đường trong tang lễ nhóm Mông Đỏ huyện Mường Chà tỉnh Điện Biên
Giới thiệu về phong tục thờ phúng tiếp cho linh. Nghi lễ tang ma ngay sau khi tắt thở và bài ca chỉ đường trong tang lễ nhóm Mông Đỏ huyện Mường Chà tỉnh Điện Biên
Saved in:
| Main Author: | |
|---|---|
| Format: | Book |
| Language: | Undetermined |
| Published: |
Hà Nội
Văn hóa Thông tin
2014
|
| Subjects: | |
| Tags: |
Add Tag
No Tags, Be the first to tag this record!
|
| Institutions: | Trung tâm Học liệu Trường Đại học Cần Thơ |
|---|
| LEADER | 00980nam a2200193Ia 4500 | ||
|---|---|---|---|
| 001 | CTU_209818 | ||
| 008 | 210402s9999 xx 000 0 und d | ||
| 082 | |a 393.9309597 | ||
| 082 | |b T500 | ||
| 100 | |a Kháng, A Tu | ||
| 245 | 0 | |a Nghi lễ tang ma và bài ca chỉ đường trong tang lễ nhóm Mông Đỏ huyện Mường Chà tỉnh Điện Biên | |
| 245 | 0 | |c Kháng A Tu, Lầu Thị Mại, Chu Thùy Liên | |
| 260 | |a Hà Nội | ||
| 260 | |b Văn hóa Thông tin | ||
| 260 | |c 2014 | ||
| 520 | |a Giới thiệu về phong tục thờ phúng tiếp cho linh. Nghi lễ tang ma ngay sau khi tắt thở và bài ca chỉ đường trong tang lễ nhóm Mông Đỏ huyện Mường Chà tỉnh Điện Biên | ||
| 650 | |a Nghi thức tang lễ và nghi lễ,Funeral rites and ceremonies | ||
| 904 | |i Trần Thị Yến Nhi,Hải | ||
| 980 | |a Trung tâm Học liệu Trường Đại học Cần Thơ | ||